The art of winning elections: a gem of real politics for effective leaders (Record no. 3923)
| 000 -LEADER | |
|---|---|
| fixed length control field | 00517nam a22001817a 4500 |
| 003 - CONTROL NUMBER IDENTIFIER | |
| control field | OSt |
| 005 - DATE AND TIME OF LATEST TRANSACTION | |
| control field | 20170605111950.0 |
| 008 - FIXED-LENGTH DATA ELEMENTS--GENERAL INFORMATION | |
| fixed length control field | 170605b xxu||||| |||| 00| 0 eng d |
| 020 ## - INTERNATIONAL STANDARD BOOK NUMBER | |
| International Standard Book Number | 9789966098634 |
| 050 ## - LIBRARY OF CONGRESS CALL NUMBER | |
| Classification number | JF2112.C3N5 2017 |
| 100 ## - MAIN ENTRY--PERSONAL NAME | |
| Personal name | Njeri, Wainaina |
| 245 ## - TITLE STATEMENT | |
| Title | The art of winning elections: a gem of real politics for effective leaders |
| Statement of responsibility, etc | Wainaina Wa Njeri |
| 260 ## - PUBLICATION, DISTRIBUTION, ETC. (IMPRINT) | |
| Place of publication, distribution, etc | Nairobi |
| Name of publisher, distributor, etc | Value Conversations |
| Date of publication, distribution, etc | 2017 |
| 300 ## - PHYSICAL DESCRIPTION | |
| Extent | 230 p: |
| 650 ## - SUBJECT ADDED ENTRY--TOPICAL TERM | |
| Topical term or geographic name as entry element | Campaign management |
| 650 ## - SUBJECT ADDED ENTRY--TOPICAL TERM | |
| Topical term or geographic name as entry element | Politics |
| 942 ## - ADDED ENTRY ELEMENTS (KOHA) | |
| Source of classification or shelving scheme | |
| Koha item type | Book |
| Withdrawn status | Lost status | Source of classification or shelving scheme | Damaged status | Not for loan | Home library | Current library | Shelving location | Date acquired | Total Checkouts | Full call number | Barcode | Date last seen | Date checked out | Copy number | Price effective from | Koha item type | Total Renewals |
|---|---|---|---|---|---|---|---|---|---|---|---|---|---|---|---|---|---|
| Riara University Library | Riara University Library | General stack | 05/06/2017 | 1 | JF2112.C3N5 2017 | 8986/17 | 24/11/2017 | 14/11/2017 | C.1 | 05/06/2017 | Book | ||||||
| Riara University Library | Riara University Library | General stack | 05/06/2017 | 3 | JF2112.C3N5 2017 | 8987/17 | 13/11/2025 | 08/10/2025 | C.2 | 05/06/2017 | Book | 2 |
